Splatnosť a výplata mzdy

Právo zamestnanca na výplatu mzdy. Poskytovanie mzdy za vykonanú prácu a jej výška. Splatnosť a výplata mzdy podľa Zákonníka práce. Minimálna mzda, naturálna mzda.

Enregistré dans:
Détails bibliographiques
Auteur principal: Hrtánek, Ladislav
Format: Chapitre de livre
Langue:slovaque
Sujets:
Tags: Ajouter un tag
Pas de tags, Soyez le premier à ajouter un tag!

MARC

LEADER 00000naa a2200000 4500
001 0227426
005 20170222100325.3
041 0 |a slo 
044 |a SK 
245 1 0 |a Splatnosť a výplata mzdy  |c Ladislav Hrtánek 
520 |a Právo zamestnanca na výplatu mzdy. Poskytovanie mzdy za vykonanú prácu a jej výška. Splatnosť a výplata mzdy podľa Zákonníka práce. Minimálna mzda, naturálna mzda. 
610 2 0 |a mzdy 
610 2 0 |a mzdy minimálne 
610 2 0 |a mzdy naturálne 
610 2 0 |a úpravy právne 
100 1 |a Hrtánek, Ladislav